000 00396nam a22001697a 4500
005 20160511121621.0
008 160511b xxu||||| |||| 00| 0 eng d
020 _a81-259-1363-7
041 _aeng
082 _b1269
100 _awerier Sudhir
_9449
245 _aKhowledge Management
260 _bVikas Publishing house Pvt. Ltd.
300 _a231
650 _aManagement
_9241
942 _cBK
999 _c537
_d537